Rozhovory z Domu umělců /

Main Author: Slavický, Milan, 1947-2009
Language: Czech
Published: Praha : Supraphon, 1990
Edition: 1. vyd.
Physical Description: 85 s., obr. příl. : il.
Book
Saved in:
LEADER 00739nam a22002292a 4500
001 000816603
003 CZ BrMZK
005 20211011123311.0
007 ta
008 060516s1990 xr af er|||||||||||cze d
015 |a cnb000055275 
040 |a BOA001  |b cze 
080 9 |a 78.071.2(100)"19":92 
100 1 |a Slavický, Milan,  |d 1947-2009  |7 jk01111815  |4 aut 
245 1 0 |a Rozhovory z Domu umělců /  |c Milan Slavický ; kresbami doprovodil V.J. Žižka 
250 |a 1. vyd. 
260 |a Praha :  |b Supraphon,  |c 1990 
300 |a 85 s., obr. příl. :  |b il. 
910 |a BOA001  |b 2-0957.737 
964 |a Dirigenti světoví - reportáže 
990 |a BK 
996 6 |b 2619343848  |c 2-0957.737  |l MZK  |r Sklad / do 1 hodiny  |n 1  |w 000816603  |u 000010  |a 1  |e BOA001  |j MZK50  |s P